00972nam a22002657a 45000010005000000030006000050050017000110080041000280200018000690400029000870500016001160820013001321000016001452450070001612500042002312600037002733000050003104900010003605050008003705200223003785210023006015210020006246500027006447000035006715590FISKH20241219114236.0241219b cb ||||| |||| 00| 0 eng d a9780439706391 aFISKHbengcFISKHdFISKH aPN6727.S546 a741.5973 aSmith, Jeff aThe great cow race / cBy Jeff Smith With color by Steve Hamaker  aFirst Scholastic edition, August 2005 aNew York : bScholastic ;c2005. a132 pages : bcolor illustrations ;c24 cm .  aBone  aG  aThe adventure starts when cousins Fone Bone, Phoney Bone, and Smiley Bone are run out of Boneville and later get separated and lost in the wilderness, meeting monsters and making friends as they attempt to return home.8 a380 bLexile GN 8 aG bRaz-Plus  agraphic novelvFiction aSaylor, David eBook designer